| 000 | 01699nam a2200277Ia 4500 | ||
|---|---|---|---|
| 999 |
_c56112 _d56112 |
||
| 001 | 23213 | ||
| 003 | GE_BSU | ||
| 005 | 20251013173251.0 | ||
| 008 | 181216s1990||||ge |||||||||||||| ||geo|| | ||
| 040 | _cGE_BSU | ||
| 041 | _ageo | ||
| 080 | _a94(479.22)"1918.05" + 327(479.22)(09) ა-97 | ||
| 100 |
_aავალიშვილი, ზურაბ _926018 |
||
| 245 |
_aსაქართველოს დამოუკიდებლობა 1918-1921 წლების საერთაშორისო პოლიტიკაში : წ. 1 : _b მოგონებანი, ნარკვევები / _cზურაბ ავალიშვილი ; სამეც. რედ: გურამ მამულია ; მხატვ.: გიორგი ლომიძე. |
||
| 264 |
_aთბილისი : _bნიამორი, _c1990. |
||
| 300 |
_a193 გვ. ; _c20 სმ. |
||
| 541 | _h9ლ.80თ. | ||
| 653 | _aისტორია | ||
| 653 | _aპოლიტიკა | ||
| 653 | _aსაქართველოს დამოუკიდებელი რესპუბლიკა, 1918-1921 წ.წ. | ||
| 653 | _aსაქართველოს დამოუკიდებლობა 1918-1921 წლების საერთაშორისო პოლიტიკაში : წ. 1: მოგონებანი, ნარკვევები. | ||
| 653 | _aსაერთაშორისო პოლიტიკა | ||
| 700 |
_aმამულია, გურამ _eრედაქტორი _918427 |
||
| 700 |
_aლომიძე, გიორგი _eმხატვარი _926019 |
||
| 942 |
_cBK _2udc |
||